| Tag |
First Indicator |
Second Indicator |
Subfields |
| LEADER |
00000cam a22000001 4500 |
| 001 |
in00000095694 |
| 005 |
20150925085535.0 |
| 008 |
700330s1967 abca 00010 eng |
| 010 |
|
|
|a 72362605
|
| 015 |
|
|
|a C68-1621
|
| 035 |
|
|
|a (OCoLC)00038852
|
| 035 |
|
|
|9 AAL1911AM
|
| 037 |
|
|
|c 2.00
|
| 040 |
|
|
|a DLC
|c DLC
|d TXA
|d UtOrBLW
|
| 049 |
|
|
|a TXAM
|c [1019959]
|
| 050 |
0 |
0 |
|a TJ1367
|b .N4 1967
|
| 082 |
0 |
|
|a 623.86/2
|
| 100 |
1 |
|
|a Newberry, William Guy,
|d 1933-
|
| 245 |
1 |
0 |
|a Handbook for riggers /
|c [by] W. G. Newberry.
|
| 250 |
|
|
|a [Rev. ed.
|
| 264 |
|
1 |
|a Calgary :
|b Commercial Printers],
|c 1967.
|
| 300 |
|
|
|a 120 pages :
|b illustrations ;
|c 16 cm.
|
| 336 |
|
|
|a text
|b txt
|2 rdacontent
|
| 337 |
|
|
|a unmediated
|b n
|2 rdamedia
|
| 338 |
|
|
|a volume
|b nc
|2 rdacarrier
|
| 650 |
|
0 |
|a Masts and rigging
|x Handbooks, manuals, etc.
|
| 650 |
|
0 |
|a Hoisting machinery
|x Rigging
|x Handbooks, manuals, etc.
|
| 999 |
|
|
|a MARS
|
| 999 |
f |
f |
|s 35f878b7-1dc7-3169-90c2-8a2ef5c689df
|i fb9795bb-898d-3204-9dc3-ec3ecabf23bd
|t 0
|
| 952 |
f |
f |
|p ric
|a Texas A&M University
|b Rellis Campus
|c Joint Library Facility
|d Remote Storage
|t 0
|e TJ1367 .N4 1967
|h Library of Congress classification
|i unmediated -- volume
|m A14805454170
|
| 998 |
f |
f |
|a TJ1367 .N4 1967
|t 0
|l Remote Storage
|